000 00356 a2200157 4500
001 70932
020 _a9788576711568
040 _cAnchieta - Itaigara
100 _aRodrigues, João
240 1 0 _aQuer conhecer o universo?
_lpor
245 1 0 _aQuer conhecer o universo?
300 _a16
362 0 _a2012
650 4 _aLiteratura infantil
942 _cBK
999 _c70932
_d70932